|
|
|
|
| LEADER |
00991nam a2200241 a 4500 |
| 001 |
705367 |
| 008 |
091124s1996 ii b b 001 0 eng d |
| 010 |
|
|
|a 96904748
|
| 020 |
|
|
|z 8173041009
|
| 040 |
|
|
|a DLC
|c DLC
|
| 082 |
0 |
0 |
|a 338.95493
|2 21
|
| 245 |
0 |
0 |
|a Economic development and social change in Sri Lanka :
|b a spatial and policy analysis /
|c edited by Paul A. Groves.
|
| 260 |
|
|
|a New Delhi :
|b Manohar,
|c 1996.
|
| 300 |
|
|
|a xviii, 377 p. :
|b maps ;
|c 22 cm.
|
| 504 |
|
|
|a Includes bibliographical references (p. 371-374) and index.
|
| 541 |
1 |
|
|e 00008233
|
| 651 |
|
0 |
|a Sri Lanka
|x Economic conditions.
|
| 650 |
|
0 |
|a Migration, Internal
|z Sri Lanka.
|
| 650 |
|
0 |
|a Urbanization
|z Sri Lanka.
|
| 700 |
1 |
|
|a Groves, Paul A.
|
| 852 |
4 |
|
|a Ayesha Abed Library
|j General Shelf
|
| 999 |
|
|
|c 5880
|d 5880
|
| 952 |
|
|
|0 0
|1 0
|2 ddc
|4 0
|6 338_954930000000000_ECO_1996
|7 0
|9 5864
|a BRACUL
|b BRACUL
|c GEN
|d 2009-12-06
|g 0.00
|l 0
|o 338.95493 ECO
|p 3010008233
|r 2009-12-06
|t 1
|w 2009-12-06
|y BK
|x No price found in the accession register.
|